Markets (Record no. 82203)

MARC details
000 -LEADER
fixed length control field 01244cam a22002415a 4500
001 - CONTROL NUMBER
control field L149535
008 - FIXED-LENGTH DATA ELEMENTS--GENERAL INFORMATION
fixed length control field 100316e2010 xxk 000 0 eng d
035 ## - SYSTEM CONTROL NUMBER
System control number (Sirsi) u149535
041 0# - LANGUAGE CODE
Language code of text/sound track or separate title eng
100 1# - MAIN ENTRY--PERSONAL NAME
Personal name Shah, Aditi
245 00 - TITLE STATEMENT
Title Markets
Remainder of title Herts, Beds, Bucks and Oxon
260 ## - PUBLICATION, DISTRIBUTION, ETC.
Date of publication, distribution, etc. 2010
490 ## - SERIES STATEMENT
Series statement Property Week
Volume/sequential designation 76(8) 26 February 2010, 43-52(6)
520 ## - SUMMARY, ETC.
Summary, etc. Proposals are being submitted for the £150m redevelopment of Watford's town centre site, Charter Place. Office take-up momentum in Milton Keynes has been maintained in the first two months of 2010. Wasps and Wycombe Wanderers Rugby Club plans a £50m ,100 acre sports village including a 20 000-seat stadium. Bicester Village, UK's largest designer outlet, will celebrate its 15th birthday in April. The Crown Estate has bought Oxford's Westgate shopping centre. St Modwen attempts to regenerate Hatfield town centre for the second time. Dandara is building the Galleries, its £55m mixed-use scheme in Hemel Hempstead.
590 ## - LOCAL NOTE (RLIN)
Local note KA
651 #4 - SUBJECT ADDED ENTRY--GEOGRAPHIC NAME
Geographic name Hertfordshire
651 #4 - SUBJECT ADDED ENTRY--GEOGRAPHIC NAME
Geographic name Oxfordshire
651 #4 - SUBJECT ADDED ENTRY--GEOGRAPHIC NAME
Geographic name Bedfordshire
651 #4 - SUBJECT ADDED ENTRY--GEOGRAPHIC NAME
Geographic name Buckinghamshire
690 ## - LOCAL SUBJECT ADDED ENTRY--TOPICAL TERM (OCLC, RLIN)
Topical term or geographic name as entry element PROPERTY-COMMERCIAL PROPERTY-COMMERCIAL PROPERTY MARKET
700 1# - ADDED ENTRY--PERSONAL NAME
Personal name Bourne, Richard
942 ## - ADDED ENTRY ELEMENTS (KOHA)
Suppress in OPAC 0
Holdings
Withdrawn status Lost status Source of classification or shelving scheme Damaged status Not for loan Home library Current library Shelving location Date acquired Total Checkouts Full call number Barcode Date last seen Copy number Price effective from Koha item type
    Dewey Decimal Classification     London London Journal article 16/03/2010   L149535 149535-1001 06/08/2019 1 06/08/2019 Journal article